[Event "GER-chT Federal Cup (Women)"]
[Site "Braunfels"]
[Date "2016.05.29"]
[Round "5.8"]
[White "Ipsen, Beate"]
[Black "Konietzka, Yvonne"]
[Result "1-0"]
[WhiteElo "1299"]
[BlackElo "1387"]
[PlyCount "63"]
[EventDate "2016.05.26"]
[EventType "team-swiss"]
[EventRounds "5"]
[EventCountry "GER"]
[SourceTitle "EXT 2019"]
[Source "ChessBase"]
[SourceDate "2018.10.10"]
[SourceVersion "1"]
[SourceVersionDate "2018.10.10"]
[SourceQuality "1"]
[WhiteTeam "Hamburg (W)"]
[BlackTeam "Nordrhein Westfalen (W) II"]
[WhiteTeamCountry "GER"]
[BlackTeamCountry "GER"]

1. e4 e5 2. Nf3 Nc6 3. d4 exd4 4. Nxd4 Nxd4 5. Qxd4 d6 6. Bc4 Qd7 7. 0-0 Qg4 8. f3 Qg6 9. Nc3 c6 10. Bd3 b6 11. Qf2 Be6 12. Be3 Be7 13. Ne2 Bg5 14. f4 Bxf4 15. Nxf4 Qf6 16. Nxe6 Qxf2+ 17. Rxf2 fxe6 18. Raf1 Nf6 19. h3 e5 20. c4 c5 21. a3 a5 22. Bg5 Nh5 23. Rf7 Nf4 24. Bxf4 Kxf7 25. Bxe5+ Kg6 26. Bxd6 Rhd8 27. e5+ Kh6 28. Bc2 Rxd6 29. exd6 Rd8 30. Rd1 Kg5 31. d7 g6 32. Ba4 1-0

[Event "GER-chT Federal Cup (Women)"]
[Site "Braunfels"]
[Date "2012.06.10"]
[Round "5.8"]
[White "Ipsen, Beate"]
[Black "Elborg, Cornelia"]
[Result "0-1"]
[WhiteElo "1250"]
[BlackElo "1532"]
[PlyCount "50"]
[EventDate "2012.06.07"]
[EventType "team-swiss"]
[EventRounds "5"]
[EventCountry "GER"]
[SourceTitle "CBM 149 Extra"]
[Source "ChessBase"]
[SourceDate "2012.08.24"]
[SourceVersion "1"]
[SourceVersionDate "2012.08.24"]
[SourceQuality "1"]
[WhiteTeam "Hamburg (W)"]
[BlackTeam "Niedersachsen (W)"]
[WhiteTeamCountry "GER"]
[BlackTeamCountry "GER"]

1. e4 c5 2. Nf3 Nc6 3. d4 cxd4 4. Nxd4 d6 5. Nc3 Nf6 6. f3 g6 7. Be3 Bg7 8. Qd2 0-0 9. 0-0-0 a6 10. Be2 Qc7 11. Bh6 Nxd4 12. Bxg7 Nxe2+ 13. Nxe2 Kxg7 14. h4 h5 15. Ng3 Be6 16. f4 Bxa2 17. f5 d5 18. Qe3 Rac8 19. Rd2 Qe5 20. Nxh5+ Nxh5 21. g4 Qxe4 22. Qxe4 dxe4 23. gxh5 gxh5 24. Rd7 Kf6 25. Rf1 Bc4 0-1

[Event "GER-chT Federal Cup (Women)"]
[Site "Braunfels"]
[Date "2012.06.08"]
[Round "3.8"]
[White "Tinnes, Marie Christine"]
[Black "Ipsen, Beate"]
[Result "0-1"]
[WhiteElo "1089"]
[BlackElo "1250"]
[PlyCount "48"]
[EventDate "2012.06.07"]
[EventType "team-swiss"]
[EventRounds "5"]
[EventCountry "GER"]
[SourceTitle "CBM 149 Extra"]
[Source "ChessBase"]
[SourceDate "2012.08.24"]
[SourceVersion "1"]
[SourceVersionDate "2012.08.24"]
[SourceQuality "1"]
[WhiteTeam "Saarland (W)"]
[BlackTeam "Hamburg (W)"]
[WhiteTeamCountry "GER"]
[BlackTeamCountry "GER"]

1. d4 Nf6 2. Nf3 d6 3. g3 g6 4. Bg2 Bg7 5. 0-0 0-0 6. Nbd2 e6 7. c4 c5 8. e3 cxd4 9. exd4 Nc6 10. b3 Qc7 11. Bb2 e5 12. dxe5 dxe5 13. Qc2 Bf5 14. Qc1 Rad8 15. Nh4 Bd3 16. Re1 Qb6 17. Be4 Qc5 18. Bxd3 Rxd3 19. Ne4 Nxe4 20. Rxe4 f5 21. Re1 f4 22. Kg2 fxg3 23. hxg3 Qxf2+ 24. Kh1 Rxg3 0-1